000 00317 a2200157 4500
001 62000
020 _a9788588483323
040 _cAnchieta - Pituba
100 _aArmond, Edgard
240 1 0 _aAlmas afins
_lpor
245 1 0 _aAlmas afins
300 _a154
362 0 _a2010
650 4 _aEspiritismo
942 _cBK
999 _c62000
_d62000